<?xml version="1.0" encoding="UTF-8"?>
<record
    xmlns:xsi="http://www.w3.org/2001/XMLSchema-instance"
    xsi:schemaLocation="http://www.loc.gov/MARC21/slim http://www.loc.gov/standards/marcxml/schema/MARC21slim.xsd"
    xmlns="http://www.loc.gov/MARC21/slim">

  <leader>00455cas a2200157 a 4500</leader>
  <datafield tag="022" ind1="0" ind2=" ">
    <subfield code="a">2219-6463</subfield>
  </datafield>
  <datafield tag="040" ind1=" " ind2=" ">
    <subfield code="c">DLC</subfield>
  </datafield>
  <datafield tag="082" ind1=" " ind2=" ">
    <subfield code="a">EIC CAM 2005 C289 Or.</subfield>
  </datafield>
  <datafield tag="245" ind1="0" ind2="0">
    <subfield code="a">Cambodia economic watch.</subfield>
  </datafield>
  <datafield tag="246" ind1="1" ind2="7">
    <subfield code="a">EIC Cambodia economic watch</subfield>
  </datafield>
  <datafield tag="260" ind1=" " ind2=" ">
    <subfield code="a">Phnom Penh :</subfield>
    <subfield code="b">Economic Institute of Cambodia,</subfield>
    <subfield code="c">&#xA9;2005-</subfield>
  </datafield>
  <datafield tag="300" ind1=" " ind2=" ">
    <subfield code="a">volumes :</subfield>
    <subfield code="b">illustrations ;</subfield>
    <subfield code="c">30 cm</subfield>
  </datafield>
  <datafield tag="650" ind1=" " ind2="7">
    <subfield code="a">Economic history.</subfield>
  </datafield>
  <datafield tag="710" ind1="2" ind2=" ">
    <subfield code="a">Vidy&#x101;sth&#x101;n Se&#x1E6D;&#x1E6D;hakicc Kambuj&#x101;,</subfield>
  </datafield>
  <datafield tag="942" ind1=" " ind2=" ">
    <subfield code="c">AEDBB</subfield>
  </datafield>
  <datafield tag="999" ind1=" " ind2=" ">
    <subfield code="c">22399</subfield>
    <subfield code="d">22399</subfield>
  </datafield>
  <datafield tag="952" ind1=" " ind2=" ">
    <subfield code="0">0</subfield>
    <subfield code="1">0</subfield>
    <subfield code="4">0</subfield>
    <subfield code="6">EIC_CAM_2005_000000000000000_C289_OR</subfield>
    <subfield code="7">0</subfield>
    <subfield code="9">96733</subfield>
    <subfield code="a">LBC</subfield>
    <subfield code="b">LBC</subfield>
    <subfield code="c">C289</subfield>
    <subfield code="d">2023-12-13</subfield>
    <subfield code="o">EIC CAM 2005 C289 Or.</subfield>
    <subfield code="p">a074772</subfield>
    <subfield code="r">2023-12-13</subfield>
    <subfield code="w">2023-12-13</subfield>
    <subfield code="y">AEDBB</subfield>
  </datafield>
</record>
